[Event "Moscow op-A 20th"]
[Site "Moscow"]
[Date "2024.07.18"]
[Round "5"]
[White "Rtischev, Egor"]
[Black "Yatzenko, Anton"]
[Result "0-1"]
[WhiteElo "1777"]
[BlackElo "2287"]
[PlyCount "63"]
[EventDate "2024.07.16"]
[EventType "swiss"]
[EventRounds "9"]
[EventCountry "RUS"]
[SourceTitle "CBM 221 Extra"]
[Source "ChessBase"]
[SourceDate "2024.09.30"]
[SourceVersion "1"]
[SourceVersionDate "2024.09.30"]
[SourceQuality "1"]

1. e4 d6 2. d4 Nf6 3. Nc3 e5 4. Nf3 Nbd7 5. Rg1 c6 6. g4 h6 7. h4 Qa5 8. Bd3 g6 9. Be3 d5 10. Qd2 Bb4 11. Nxe5 dxe4 12. Nc4 Qd8 13. Be2 Nb6 14. g5 Nfd5 15. Nxb6 axb6 16. h5 Ra3 17. Qc1 Nxc3 18. bxa3 Nxa2+ 19. axb4 Nxc1 20. Rxc1 hxg5 21. Rxg5 Bf5 22. Ra1 f6 23. Rxf5 gxf5 24. h6 0-0 25. Bc4+ Kh8 26. c3 Qd6 27. Ke2 f4 28. Bd2 c5 29. dxc5 bxc5 30. Rg1 Rd8 31. Bc1 Qe5 32. Bf7 0-1